A Textbook of Irrigation Engineering (Record no. 554271)
[ view plain ]
| 000 -LEADER | |
|---|---|
| fixed length control field | 00419cam a22001451 4500 |
| 082 ## - DEWEY DECIMAL CLASSIFICATION NUMBER | |
| Classification number | 627.52 |
| Author Mark | SAH |
| -- | NUST-02_P-99 |
| 100 1# - MAIN ENTRY--PERSONAL NAME | |
| Personal name | Sahasrabudhe, S. R. |
| 9 (RLIN) | 18391 |
| 245 10 - TITLE STATEMENT | |
| Title | A Textbook of Irrigation Engineering |
| 250 ## - EDITION STATEMENT | |
| Edition statement | 11th ed. |
| 260 ## - PUBLICATION, DISTRIBUTION, ETC. | |
| Place of publication, distribution, etc. | New Delhi, |
| Name of publisher, distributor, etc. | S.K.Kataria & Sons. |
| Date of publication, distribution, etc. | 2017 |
| 300 ## - PHYSICAL DESCRIPTION | |
| Extent | iii, 366 p. |
| Other physical details | illus. |
| Dimensions | 22 cm. |
| 526 ## - STUDY PROGRAM INFORMATION NOTE | |
| Program name | 0 |
| Interest level | 0 |
| Reading level | 0 |
| Title point value | 627_520000000000000_SAH |
| 650 #0 - SUBJECT ADDED ENTRY--TOPICAL TERM | |
| Topical term or geographic name entry element | Irrigation. |
| 942 ## - ADDED ENTRY ELEMENTS (KOHA) | |
| Source of classification or shelving scheme | |
| Koha item type | Book |
| Withdrawn status | Lost status | Source of classification or shelving scheme | Damaged status | Not for loan | Permanent Location | Current Location | Date acquired | Cost, normal purchase price | Total Checkouts | Full call number | Barcode | Date last seen | Price effective from | Koha item type |
|---|---|---|---|---|---|---|---|---|---|---|---|---|---|---|
| Military College of Engineering (MCE) | Military College of Engineering (MCE) | 08/28/2019 | 573.60 | 627.52 SAH | MCE-51094 | 08/28/2019 | 08/28/2019 | Book |
